[Event "Unterfranken-ch HA 45th"]
[Site "Oberweissenbrunn"]
[Date "1994.??.??"]
[Round "2"]
[White "Stierke, Oliver"]
[Black "Buerger, Norbert"]
[Result "1-0"]
[WhiteElo "1748"]
[BlackElo "1643"]
[PlyCount "83"]
[EventDate "1994.04.04"]
[EventType "swiss"]
[EventRounds "9"]
[EventCountry "GER"]
[SourceTitle "EXT 2015"]
[Source "ChessBase"]
[SourceDate "2014.11.20"]
[SourceVersion "1"]
[SourceVersionDate "2014.11.20"]
[SourceQuality "1"]

1. d4 d5 2. c4 e5 3. dxe5 d4 4. g3 Nc6 5. Nf3 Be6 6. Qa4 Qd7 7. Bg2 Bb4+ 8. Bd2 Bxd2+ 9. Nbxd2 Nge7 10. 0-0 0-0 11. Rfd1 Rfd8 12. Nb3 Nxe5 13. Qxd7 Nxf3+ 14. Bxf3 Rxd7 15. Nc5 Rd6 16. Nxb7 Rb6 17. b3 Rb8 18. Nc5 Rd8 19. Rd2 Bc8 20. Rad1 Rbd6 21. Kg2 c6 22. e3 Nf5 23. g4 Rg6 24. Kf1 Nh4 25. Be4 Bxg4 26. Rxd4 Bh3+ 27. Ke2 Bg4+ 28. f3 Rxd4 29. Rxd4 f5 30. fxg4 fxe4 31. Rxe4 h5 32. h3 hxg4 33. Rxg4 Rxg4 34. hxg4 Kf7 35. Kf2 Kf6 36. Kg3 Ng6 37. Nd3 Ne7 38. Kf4 g5+ 39. Ke4 Ke6 40. Kd4 Kd6 41. b4 Ng6 42. Nf2 1-0

[Event "Unterfranken-ch HA 45th"]
[Site "Oberweissenbrunn"]
[Date "1994.??.??"]
[Round "7"]
[White "Stierke, Oliver"]
[Black "Dittmann, Ulrich"]
[Result "1/2-1/2"]
[WhiteElo "1748"]
[BlackElo "1759"]
[PlyCount "83"]
[EventDate "1994.04.04"]
[EventType "swiss"]
[EventRounds "9"]
[EventCountry "GER"]
[SourceTitle "EXT 2015"]
[Source "ChessBase"]
[SourceDate "2014.11.20"]
[SourceVersion "1"]
[SourceVersionDate "2014.11.20"]
[SourceQuality "1"]

1. d4 d5 2. c4 c6 3. Nc3 Nf6 4. Bf4 e6 5. e3 Be7 6. h3 Qa5 7. Qa4 Qxa4 8. Nxa4 Bb4+ 9. Nc3 Ne4 10. Rc1 0-0 11. Bd3 Nxc3 12. bxc3 Ba5 13. Nf3 Nd7 14. 0-0 Nb6 15. c5 Nd7 16. Nd2 b5 17. cxb6 axb6 18. Nb3 Ba6 19. Bxa6 Rxa6 20. c4 Bb4 21. cxd5 cxd5 22. Rc7 Nf6 23. Rb7 h6 24. Bc7 Nd7 25. Rb1 Rc8 26. Nc1 Bd2 27. Nb3 Bc3 28. Nc1 Bd2 29. Nb3 Rxa2 30. Nxd2 Rxd2 31. Bxb6 Nxb6 32. R7xb6 Rcc2 33. Rf1 Kh7 34. g4 Kg6 35. Kg2 Rc7 36. Kg3 h5 37. Kh4 hxg4 38. hxg4 Rcc2 39. Kg3 Rc3 40. Re1 Rxd4 41. Kf3 Rd2 42. Rb4 1/2-1/2

[Event "Unterfranken-ch HA 45th"]
[Site "Oberweissenbrunn"]
[Date "1994.??.??"]
[Round "9"]
[White "Stierke, Oliver"]
[Black "Muthig, Holger"]
[Result "1-0"]
[WhiteElo "1748"]
[BlackElo "1196"]
[PlyCount "51"]
[EventDate "1994.04.04"]
[EventType "swiss"]
[EventRounds "9"]
[EventCountry "GER"]
[SourceTitle "EXT 2015"]
[Source "ChessBase"]
[SourceDate "2014.11.20"]
[SourceVersion "1"]
[SourceVersionDate "2014.11.20"]
[SourceQuality "1"]

1. d4 d5 2. c4 e6 3. Nc3 Nf6 4. Bg5 Be7 5. e3 0-0 6. Nf3 Nbd7 7. Rc1 c5 8. Be2 b6 9. 0-0 Bb7 10. h3 Rc8 11. dxc5 dxc4 12. cxb6 Nxb6 13. Qc2 Bd5 14. Rfd1 Qc7 15. e4 Ba8 16. a4 a5 17. Nd2 Bb7 18. Nb5 Qc5 19. Be3 Qc6 20. Na7 Qc7 21. Nxc8 Rxc8 22. b3 Qc6 23. Bxb6 Qxb6 24. Nxc4 Qc6 25. Bf3 Ba6 26. Qb1 1-0